ՀՀ Գիտությունների ազգային ակադեմիայի հիմնարար գիտական գրադարան  =   Fundamental Scientific Library of NAS RA

Химический мутагенез : (Record no. 354895)

MARC details
000 -LEADER
fixed length control field 01160nam a2200241 a 4500
001 - CONTROL NUMBER
control field 001100149
003 - CONTROL NUMBER IDENTIFIER
control field AM-YeHGA
005 - DATE AND TIME OF LATEST TRANSACTION
control field 20250617151620.0
008 - FIXED-LENGTH DATA ELEMENTS--GENERAL INFORMATION
fixed length control field 150909s1980 ||| r 000 0 rus d
040 ## - CATALOGING SOURCE
Original cataloging agency AM-YeHGA
041 0# - LANGUAGE CODE
Language code of text/sound track or separate title rus
090 ## - LOCALLY ASSIGNED LC-TYPE CALL NUMBER (OCLC); LOCAL CALL NUMBER (RLIN)
-- 356712
100 1# - MAIN ENTRY--PERSONAL NAME
Personal name Рапопорт, Иосиф Абрамович
245 10 - TITLE STATEMENT
Title Химический мутагенез :
Remainder of title (Проблемы и перспективы) /
Statement of responsibility, etc. И.А. Рапопорт, М.Х. Шигаева, Н.Б. Ахматуллина; АН СССР, Ин-т хим. физики; АН КазССР, Ин-т микробиологии и вирусологии.
260 ## - PUBLICATION, DISTRIBUTION, ETC.
Place of publication, distribution, etc. Алма-Ата :
Name of publisher, distributor, etc. Наука КазССР,
Date of publication, distribution, etc. 1980.
300 ## - PHYSICAL DESCRIPTION
Extent 319 с. :
Other physical details ил.
504 ## - BIBLIOGRAPHY, ETC. NOTE
Bibliography, etc. note Библиогр.: с. 288-317
653 0# - INDEX TERM--UNCONTROLLED
Uncontrolled term Мутагенез химический
700 1# - ADDED ENTRY--PERSONAL NAME
Personal name Шигаева, Майя Хажетдиновна
700 1# - ADDED ENTRY--PERSONAL NAME
Personal name Ахматуллина, Назира Бадретдиновна
710 2# - ADDED ENTRY--CORPORATE NAME
Corporate name or jurisdiction name as entry element Институт микробиологии и вирусологии АН КазССР
710 2# - ADDED ENTRY--CORPORATE NAME
Corporate name or jurisdiction name as entry element Институт химической физики АН СССР
Holdings
Withdrawn status Lost status Source of classification or shelving scheme Damaged status Not for loan Collection Home library Current library Date acquired Total checkouts Full call number Barcode Date last seen Price effective from Koha item type Public note
    Universal Decimal Classification     General Fundamental Scientific Library Fundamental Scientific Library 11/01/2017   PII/448259 FL0358450 11/01/2017 11/01/2017 Գրքեր / Books 30 Days Loan


ՀՀ ԳԱԱ հիմնարար գիտական գրադարան
ՀՀ,Երևան 0019
Մարշալ Բաղրամյան 24/6
հեռախոս:(374-10) 52-47-50
Հետադարձ կապ

All site content, except where otherwise noted, is licensed under a
Creative Commons License